Externé kontrolovanie na Slovensku
Salvato in:
| Autore principale: | |
|---|---|
| Ente Autore: | |
| Altri autori: | , , |
| Natura: | Libro |
| Lingua: | slovacco |
| Pubblicazione: |
Bratislava
Vydavateľstvo EKONÓM
2015
|
| Edizione: | 1. vyd. |
| Soggetti: | |
| Tags: |
Nessun Tag, puoi essere il primo ad aggiungerne!!
|
MARC
| LEADER | 00000nam a2200000 4500 | ||
|---|---|---|---|
| 001 | 0204339 | ||
| 005 | 20240502073418.5 | ||
| 020 | |a 978-80-225-4087-2 | ||
| 041 | 0 | |a slo | |
| 044 | |a SK | ||
| 245 | 1 | 0 | |a Externé kontrolovanie na Slovensku |c Juraj Mišún, Ivana Mišúnová Hudáková ; recenzenti: Nadežda Jankelová, Ján Kráčmar |
| 250 | |a 1. vyd. | ||
| 264 | 1 | |a Bratislava |b Vydavateľstvo EKONÓM |c 2015 | |
| 300 | |a 160 s. [11,36 AH] | ||
| 610 | 2 | 0 | |a kontrola štátna |
| 610 | 2 | 0 | |a kontrola verejná |
| 610 | 2 | 0 | |a kontrola vonkajšia |
| 610 | 2 | 0 | |a ministerstvá |
| 610 | 2 | 0 | |a orgány štátne |
| 610 | 2 | 0 | |a súdnictvo |
| 610 | 2 | 0 | |a audítori |
| 610 | 2 | 0 | |a certifikácia |
| 610 | 2 | 0 | |a rating |
| 610 | 2 | 0 | |a zákony |
| 100 | 1 | |a Mišún, Juraj, 1978- | |
| 700 | 1 | |a Mišúnová Hudáková, Ivana, 1976- | |
| 700 | 1 | |a Jankelová, Nadežda, 1966- | |
| 700 | 1 | |a Kráčmar, Ján | |
| 710 | 2 | |a Ekonomická univerzita v Bratislave. Fakulta podnikového manažmentu | |